书目信息 |
| 题名: |
工程制图
|
|
| 作者: | 高兴尊 , 冯桂辰 主编 | |
| 分册: | ||
| 出版信息: | 北京 国防工业出版社 2006.08 |
|
| 页数: | 290页 | |
| 开本: | 26cm | |
| 丛书名: | 21世纪高等学校规划教材 | |
| 单 册: | ||
| 中图分类: | TB23 | |
| 科图分类: | ||
| 主题词: | 工程制图--gong cheng zhi tu--高等学校--教材 | |
| 电子资源: | ||
| ISBN: | 7-118-04660-4 | |
| 000 | 00963nam 2200265 450 | |
| 001 | 012006609640 | |
| 005 | 20070428150049.06 | |
| 010 | @a7-118-04660-4@dCNY27.00 | |
| 100 | @a20060929d2006 km y0chiy0120 ea | |
| 101 | 0 | @achi |
| 102 | @aCN@b110000 | |
| 105 | @aa a 000yy | |
| 200 | 1 | @a工程制图@Agong cheng zhi tu@f高兴尊, 冯桂辰主编@Fgao xing zun,feng gui chen zhu bian |
| 210 | @a北京@c国防工业出版社@d2006.08 | |
| 215 | @a290页@c图@d26cm | |
| 225 | 2 | @a21世纪高等学校规划教材@A21 shi ji gao deng xue xiao gui hua jiao cai |
| 320 | @a有书目 (第289页)。 | |
| 330 | @a内容包括:制图的基本知识和基本技能,点、直线、平面的投影,立体,组合体,草图,标准件和常用件,零件图,化工设备图等。 | |
| 410 | 0 | @12001 @a21世纪高等学校规划教材 |
| 606 | 0 | @a工程制图@Agong cheng zhi tu@x高等学校@j教材 |
| 690 | @aTB23@v4 | |
| 701 | 0 | @a高兴尊@Agao xing zun@4主编 |
| 701 | 0 | @a冯桂辰@Afeng gui chen@4主编 |
| 801 | 0 | @aCN@c20070428 |
| 905 | @a10447@dTB23@eG199 | |
| 工程制图/高兴尊, 冯桂辰主编.-北京:国防工业出版社,2006.08 |
| 290页:图;26cm.-(21世纪高等学校规划教材) |
| ISBN 7-118-04660-4:CNY27.00 |
| 内容包括:制图的基本知识和基本技能,点、直线、平面的投影,立体,组合体,草图,标准件和常用件,零件图,化工设备图等。 |
| ● |
| 相关链接 |
|
|
|
正题名:工程制图
索取号:TB23/G199
 
预约/预借
| 序号 | 登录号 | 条形码 | 馆藏地/架位号 | 状态 | 备注 |
| 1 | 235607 | 202356075 | 自科库501/501自科库 5排4列4层/ [索取号:TB23/G199] | 在馆 | |
| 2 | 235608 | 202356084 | 期刊室512/501自科库 5排4列4层/ [索取号:TB23/G199] | 在馆 | |
| 3 | 235609 | 202356093 | 自科库501/501自科库 5排4列4层/ [索取号:TB23/G199] | 在馆 |